[Event "Cochabamba GP op 4th"]
[Site "Cochabamba"]
[Date "2023.09.09"]
[Round "6"]
[White "Crespo Ampuero, Jason"]
[Black "Acho Yujra, Adhemar Logan"]
[Result "0-1"]
[WhiteElo "1123"]
[BlackElo "1344"]
[PlyCount "102"]
[EventDate "2023.09.07"]
[EventType "swiss"]
[EventRounds "7"]
[EventCountry "BOL"]
[SourceTitle "CBM 216 Extra"]
[Source "ChessBase"]
[SourceDate "2023.11.30"]
[SourceVersion "1"]
[SourceVersionDate "2023.11.30"]
[SourceQuality "1"]

1. e4 e6 2. d4 d5 3. exd5 exd5 4. Nf3 Bd6 5. c4 c6 6. Bd3 Nf6 7. Qe2+ Be7 8. Bg5 0-0 9. h3 Re8 10. 0-0 Be6 11. Bf4 Nbd7 12. cxd5 Nxd5 13. Bd2 c5 14. Nc3 Bf6 15. dxc5 Bf5 16. Be3 Nxe3 17. fxe3 Bxd3 18. Qxd3 Nxc5 19. Qe2 Bxc3 20. bxc3 Qd3 21. Rfe1 Qxe2 22. Rxe2 Ne4 23. Rc1 Rac8 24. Rb2 Nxc3 25. Kh2 b5 26. Nd4 a6 27. Ne2 Nxe2 28. Rxc8 Rxc8 29. Rxe2 Kf8 30. Rd2 Ke7 31. Kg3 a5 32. Rb2 b4 33. Kf4 Ke6 34. e4 Rc4 35. Rd2 f5 36. Re2 Rxe4+ 37. Rxe4+ fxe4 38. Kxe4 a4 39. Kd4 Kf5 40. Kc4 b3 41. axb3 axb3 42. Kxb3 Kf4 43. Kc2 Kg3 44. Kd3 Kxg2 45. h4 h5 46. Ke4 Kh3 47. Kf5 Kxh4 48. Kg6 Kg4 49. Kxg7 h4 50. Kf6 h3 51. Ke5 h2 0-1

[Event "Cochabamba GP op 4th"]
[Site "Cochabamba"]
[Date "2023.09.07"]
[Round "1"]
[White "Coro, Soledad"]
[Black "Crespo Ampuero, Jason"]
[Result "0-1"]
[WhiteElo "1660"]
[BlackElo "1123"]
[PlyCount "108"]
[EventDate "2023.09.07"]
[EventType "swiss"]
[EventRounds "7"]
[EventCountry "BOL"]
[SourceTitle "CBM 216 Extra"]
[Source "ChessBase"]
[SourceDate "2023.11.30"]
[SourceVersion "1"]
[SourceVersionDate "2023.11.30"]
[SourceQuality "1"]

1. c4 c5 2. b3 b6 3. Bb2 Bb7 4. Nf3 Nf6 5. Nc3 Nc6 6. Nd5 Nxd5 7. cxd5 Nb4 8. e4 e6 9. a3 Na6 10. dxe6 dxe6 11. Bb5+ Ke7 12. 0-0 Nc7 13. Bc4 b5 14. Be2 Bxe4 15. Qc1 f6 16. Qxc5+ Kf7 17. Qe3 Bb7 18. a4 bxa4 19. bxa4 Nd5 20. Qb3 Rb8 21. Qa2 Nb4 22. Qb1 Bxf3 23. gxf3 Bd6 24. Qe4 f5 25. Qe3 Rb7 26. Bc4 Re8 27. Bb5 Rf8 28. Rfe1 Re7 29. Qg5 Kg8 30. Rxe6 Rff7 31. Rae1 Qf8 32. Bc4 Kh8 33. Kh1 Rxe6 34. Bxe6 Re7 35. Rg1 Nd3 36. Bd4 Bc5 37. Bxc5 Nxc5 38. Bxf5 Re5 39. d4 Rxf5 40. Qd2 Rd5 41. Qe3 Nb7 42. Qe4 Rd7 43. d5 Nd6 44. Qg4 Rf7 45. Rg3 Nf5 46. Rh3 Nh6 47. Qe4 Rf4 48. Qd3 Rxa4 49. d6 Qd8 50. Qc3 Rh4 51. d7 Rxh3 52. Qc8 Nf7 53. Qc6 Rh6 54. Qd5 Kg8 0-1